[Event "Polyarniy Krug"]
[Site "Salekhard RUS"]
[Date "2006.12.05"]
[Round "7"]
[White "Gajsin,E"]
[Black "Kopylov,Al"]
[Result "0-1"]
[WhiteElo "2456"]
[BlackElo "2237"]

1.e4 c5 2.Nf3 e6 3.d4 cxd4 4.Nxd4 Nc6 5.Nb5 d6 6.c4 Nf6 7.N1c3 a6 8.Na3 Be7
9.Be2 O-O 10.O-O b6 11.Be3 Bb7 12.Qb3 Nd7 13.Rfd1 Nc5 14.Qc2 Bf6 15.Rac1 Be5
16.Nab1 f5 17.exf5 Rxf5 18.Nd2 Qh4 19.Nf3 Rxf3 20.Bxf3 Qxh2+ 21.Kf1 Nb4 22.Qb1 Bxf3
23.gxf3 Rf8 24.Ke2 Qh5 25.Rh1 Qxf3+ 26.Kd2 Rf5 27.Rcf1 d5 28.a3 d4 29.axb4 dxc3+
30.bxc3 Ne4+ 31.Kc1 Nxc3 32.Qc2 a5 33.bxa5 bxa5 34.Bd2 Ne2+ 35.Kb1 Nd4 36.Qc3 Qe4+
37.Ka2 Nf3  0-1

[Event "Bykova Mem"]
[Site "Vladimir RUS"]
[Date "2006.12.16"]
[Round "3"]
[White "Paehtz,E"]
[Black "Kursova,M"]
[Result "1/2-1/2"]
[WhiteElo "2449"]
[BlackElo "2316"]

1.e4 c5 2.Nf3 e6 3.d4 cxd4 4.Nxd4 Nc6 5.Nb5 d6 6.c4 a6 7.N5c3 Nf6 8.Be2 b6
9.Be3 Ne5 10.O-O Be7 11.f3 O-O 12.Kh1 Bb7 13.Qd4 Ned7 14.Qd2 Qc7 15.Na3 Rac8
16.Rac1 Qb8 17.Rfd1 Kh8 18.Bf1 Rg8 19.Nc2 h6 20.Nd4 g5 21.Bg1 Rg7 22.Re1 Rcg8
23.b4 Qa8 24.Qe3 h5 25.Nb3 g4 26.f4 h4 27.Qd3 h3 28.Rc2 Nh5 29.g3 f5 30.Bd4 e5
31.Bxe5 Nxe5 32.fxe5 fxe4 33.Qe3 Bg5 34.Qxb6 e3+ 35.Kg1 dxe5 36.Nc5 Qf8 37.N3e4 Bxe4
38.Nxe4 Rg6 39.Qc7 Qf5 40.Bd3 R6g7 41.Qb6 Rd8 42.Rf1 Nf4 43.gxf4 exf4 44.Qxe3 Qd7
45.Qb6 Qxd3 46.Nxg5 Rd6 47.Qb8+ Rd8 48.Qb6 Rd6 49.Qb8+ Rd8 50.Qb6  1/2-1/2

[Event "Bykova Mem"]
[Site "Vladimir RUS"]
[Date "2006.12.16"]
[Round "3"]
[White "Bashkite,V"]
[Black "Vasilevich,I"]
[Result "0-1"]
[WhiteElo "2239"]
[BlackElo "2321"]

1.e4 c5 2.Nf3 e6 3.d4 cxd4 4.Nxd4 Nc6 5.Nb5 d6 6.c4 Nf6 7.N1c3 a6 8.Na3 b6
9.Be3 Bb7 10.Be2 Be7 11.O-O Ne5 12.f3 Qc7 13.Rc1 O-O 14.Qd4 Ned7 15.b4 Rac8
16.Na4 Bd8 17.Rfd1 Qb8 18.Kh1 Bc7 19.Bg5 Bc6 20.b5 axb5 21.cxb5 Ba8 22.Nc4 d5
23.Bxf6 Nxf6 24.Ncxb6 Be5 25.Rxc8 Rxc8 26.Qd2 Re8 27.Nxa8 Qxa8 28.Nc5 Qa3
29.Na6 dxe4 30.Qc2 Qe3 31.Rb1 Qh6 32.f4 Bxf4 33.h3 Qh4 34.Rf1 Be5 35.Qb3 Nd5
36.Nc5 Nc3 37.Bg4 Qg3 38.Kg1 e3  0-1

[Event "GM Multicoms"]
[Site "Paris FRA"]
[Date "2006.12.17"]
[Round "5"]
[White "Guliyev,N"]
[Black "Cornette,M"]
[Result "1-0"]
[WhiteElo "2542"]
[BlackElo "2480"]

1.e4 c5 2.Nf3 e6 3.d4 cxd4 4.Nxd4 Nc6 5.Nb5 d6 6.c4 Nf6 7.N5c3 Be7 8.Be2 O-O
9.O-O b6 10.Re1 Bb7 11.Bf4 Rc8 12.Bf1 Ne5 13.Nd2 Nfd7 14.Bg3 Kh8 15.f4 Nc6
16.Nf3 Na5 17.b3 Nf6 18.Qd2 d5 19.exd5 Bb4 20.Bh4 Bxd5 21.Rac1 Bxf3 22.Qxd8 Rfxd8
23.gxf3 b5 24.Nxb5 Bxe1 25.Bxe1 Nc6 26.c5 Nd5 27.Nd6 Rc7 28.Bd2 Kg8 29.Kf2 g6
30.Rc4 a5 31.Ra4 Rb8 32.Bc4 Ra7 33.Bb5 Nce7 34.Bxa5 Nf5 35.Bc6 Nxf4 36.Nxf5 gxf5
37.Ke3 Ng6 38.Bb6 Rxa4 39.Bxa4 Ne7 40.Kd4 Nd5 41.Ba5 Kf8 42.c6 Ke7 43.Kc5 Ra8
44.b4 Nc3 45.Bb3 e5 46.Bc4 f6 47.Kb6 e4 48.Kb7 Rh8 49.c7 Kd6 50.f4 e3 51.b5 Ne4
52.Bb4+ Kd7 53.b6  1-0

[Event "44th National A ch-IND"]
[Site "Atul IND"]
[Date "2006.12.27"]
[Round "11"]
[White "Konguvel,P"]
[Black "Himanshu,Sh"]
[Result "1-0"]
[WhiteElo "2407"]
[BlackElo "2387"]

1.e4 c5 2.Nf3 Nc6 3.d4 cxd4 4.Nxd4 e6 5.Nb5 d6 6.c4 a6 7.N5c3 Nf6 8.Be2 Be7
9.O-O O-O 10.Be3 b6 11.Nd2 Bb7 12.Qb3 Nd7 13.Rfd1 Rb8 14.Rac1 Re8 15.a3 Bf6
16.Ndb1 Qc7 17.Qa2 Nce5 18.f4 Ng6 19.b4 Rbc8 20.Qd2 Be7 21.e5 Ndxe5 22.fxe5 Nxe5
23.Qd4 Qc6 24.Bf4 Nxc4 25.b5 axb5 26.Nxb5 d5 27.Na7 Qa4 28.Nxc8 Bg5 29.Nxb6 Qb4  1-0

[Event "16th North American Open"]
[Site "Las Vegas USA"]
[Date "2006.12.27"]
[Round "2"]
[White "Bruno,Ro"]
[Black "Sharavdorj,D"]
[Result "0-1"]
[WhiteElo "2188"]
[BlackElo "2463"]

1.e4 c5 2.Nf3 Nc6 3.d4 cxd4 4.Nxd4 e6 5.Nb5 d6 6.Bf4 e5 7.Be3 a6 8.N5c3 Nf6
9.Bg5 Be7 10.Bxf6 Bxf6 11.Nd5 Bg5 12.Nbc3 O-O 13.Bd3 Be6 14.h4 Be7 15.Qh5 Rc8
16.O-O-O b5 17.Nxe7+ Qxe7 18.Nd5 Bxd5 19.exd5 g6 20.Qh6 Nb4 21.h5 Nxd3+ 22.Rxd3 g5
23.Ra3 Rc5 24.Rxa6 f6 25.Rd1 b4 26.Kb1 Qc7 27.Rd2 Ra5 28.Rc6 Qa7 29.c3 Rxa2
30.cxb4 Qa4  0-1

[Event "Weihnachtsopen Masters"]
[Site "Zurich SUI"]
[Date "2006.12.27"]
[Round "3"]
[White "Eschbach,D"]
[Black "Pelletier,Y"]
[Result "0-1"]
[WhiteElo "2371"]
[BlackElo "2588"]

1.e4 c5 2.Nf3 e6 3.d4 cxd4 4.Nxd4 Nc6 5.Nb5 d6 6.c4 Nf6 7.N5c3 Be7 8.Be2 O-O
9.O-O a6 10.Be3 b6 11.Nd2 Nd7 12.Rc1 Bb7 13.a3 Rc8 14.f4 Bf6 15.Nf3 Na5 16.Nd2 g5
17.e5 dxe5 18.f5 exf5 19.Rxf5 Be7 20.b4 Nc6 21.Bd3 f6 22.Qh5 Rf7 23.Be4 Rg7
24.Nd5 Kh8 25.Rf3 Nd4 26.Bxd4 Bxd5 27.Bxd5 exd4 28.Rd3 a5 29.Rb1 axb4 30.axb4 Qf8
31.Rdb3 Ne5 32.Qe2 Rd8 33.Nf3 Nxf3+ 34.Qxf3 Bd6 35.Qe4 Be5 36.Ra3 Qd6 37.h3 Re7
38.Qf3 Rde8 39.Ra8 Rxa8 40.Bxa8 d3 41.g3 Bxg3 42.Rd1 d2 43.Kg2 Bf4 44.Qg4 Qd3
45.Bf3 f5 46.Qh5 Re1  0-1

[Event "1st Hotel Bern Open"]
[Site "Bern SUI"]
[Date "2006.12.39"]
[Round "7"]
[White "Varga,Zo"]
[Black "Jaracz,P"]
[Result "1/2-1/2"]
[WhiteElo "2508"]
[BlackElo "2476"]

1.e4 c5 2.Nf3 e6 3.d4 cxd4 4.Nxd4 Nc6 5.Nb5 d6 6.c4 Nf6 7.N1c3 a6 8.Nd4 Be7
9.Be2 Bd7 10.O-O Rc8 11.b3 Ne5  1/2-1/2

[Event "ch-EST"]
[Site "Tallinn EST"]
[Date "2007.01.22"]
[Round "4"]
[White "Zjukin,S"]
[Black "Volodin,Alek"]
[Result "1/2-1/2"]
[WhiteElo "2357"]
[BlackElo "2354"]

1.e4 c5 2.Nf3 e6 3.d4 cxd4 4.Nxd4 Nc6 5.Nb5 d6 6.c4 Nf6 7.N1c3 a6 8.Na3 Be7
9.Be2 O-O 10.O-O Qc7 11.Be3 Ne5 12.Rc1 b6 13.Qb3 Ned7 14.Rfd1 Bb7 15.f3 Rac8
16.Bf1 Rfe8 17.Kh1 Nc5 18.Qc2 Qb8 19.Bg1 h6 20.Nab1 Red8 21.b4 Ncd7 22.Qb3 Bf8  1/2-1/2

[Event "ch-EST"]
[Site "Tallinn EST"]
[Date "2007.01.23"]
[Round "5"]
[White "Kulaots,K"]
[Black "Seeman,T"]
[Result "1/2-1/2"]
[WhiteElo "2525"]
[BlackElo "2425"]

1.e4 c5 2.Nf3 e6 3.d4 cxd4 4.Nxd4 Nc6 5.Nb5 d6 6.Bf4 e5 7.Be3 a6 8.N5c3 Nf6
9.Bc4 Be7 10.Nd5 Nxd5 11.Bxd5 O-O 12.Qd2 Kh8 13.Nc3 f5 14.exf5 Bxf5 15.Ne4 Qe8
16.O-O Qg6 17.f3 Rad8 18.c4 Bh4 19.Rad1 Rd7 20.Nc3 Ne7 21.Be4 b5 22.b3 h6
23.Qd3 bxc4 24.bxc4 Qf7 25.Nd5 Be6 26.f4 Qe8 27.fxe5 Rxf1+ 28.Rxf1 dxe5 29.Qa3 Qh5
30.Qxa6 Bg8 31.Qb5 Rd8 32.Qb3 Nc6 33.Qb6 Qg4 34.Qb1 Nd4 35.Bxd4 exd4 36.Qd3 Re8
37.Bf3 Qd7 38.Qxd4 Bg5 39.Rd1 Qa4 40.h4 Bxd5 41.hxg5 Bxf3 42.gxf3 hxg5 43.Rd2 Re1+
44.Kf2 Rh1 45.c5 Qc6 46.Qd6 Qa4 47.Qd8+ Kh7 48.Qd3+ Kh8 49.Qd8+ Kh7 50.Qd3+ Kh8
51.Qe4 Qa5 52.Qe8+ Kh7 53.Qe4+ Kh8 54.Qe8+ Kh7 55.Qe4+  1/2-1/2

[Event "ch-EST"]
[Site "Tallinn EST"]
[Date "2007.01.24"]
[Round "6"]
[White "Kulaots,K"]
[Black "Volodin,Alek"]
[Result "1-0"]
[WhiteElo "2525"]
[BlackElo "2354"]

1.e4 c5 2.Nf3 e6 3.d4 cxd4 4.Nxd4 Nc6 5.Nb5 d6 6.Bf4 e5 7.Be3 Nf6 8.Bg5 a6
9.N5c3 Be7 10.Bxf6 Bxf6 11.Nd2 O-O 12.Nc4 Be6 13.Qxd6 b5 14.Qxd8 Bxd8 15.Ne3 Ba5
16.Bd3 Rfd8 17.O-O Nb4 18.Ncd5 Bxd5 19.Nxd5 Nxd5 20.exd5 Rac8 21.a4 b4 22.Rac1 Rd6
23.Rfe1 f6 24.Kf1 Kf8 25.b3 g6 26.Re4 Rc5 27.Bc4 Bc7 28.f4 Rb6 29.Rce1 a5
30.g4 h6 31.h4 Rb8 32.g5 hxg5 33.hxg5 f5 34.Rxe5 Bxe5 35.fxe5 Ke7 36.Ke2 Rh8
37.Kd3 Rh4 38.d6+ Kd7 39.e6+ Kxd6 40.e7 Rh3+ 41.Kd2 Rh2+ 42.Kd1  1-0

[Event "Open A"]
[Site "Cannes FRA"]
[Date "2007.02.23"]
[Round "7"]
[White "Bozinovic,Bob"]
[Black "Wauters,A"]
[Result "0-1"]
[WhiteElo "2137"]
[BlackElo "2177"]

1.e4 c5 2.Nf3 e6 3.d4 cxd4 4.Nxd4 Nc6 5.Nb5 d6 6.Bf4 e5 7.Be3 a6 8.N5c3 Nf6
9.Bg5 Be7 10.Bxf6 Bxf6 11.Nd5 Bg5 12.Nbc3 O-O 13.Bd3 Be6 14.O-O b5 15.a3 Nd4
16.Kh1 Rb8 17.f4 exf4 18.Nxf4 Bxf4 19.Rxf4 Qg5 20.Rf2 Nc6 21.Qd2 Qc5 22.b4 Qb6
23.Rd1 Ne5 24.Qf4 Rbc8 25.Nd5 Bxd5 26.exd5 Rc3 27.Re2 Rxa3 28.Rf1 Qc7 29.Re3 Rc3
30.h4 Rc8 31.h5 h6 32.Rg3 Nxd3 33.cxd3 Rc1 34.Rf3 f6 35.Kh2 Rxf1 36.Rxf1 Re8
37.Rc1 Qd7 38.Rc6 Re5 39.Qf3 Qa7 40.Rc8+ Kf7 41.Qg4 g5 42.hxg6+ Kg7 43.Rd8 f5
44.Qh4 Qc7 45.Ra8 Rxd5 46.Rxa6 Rxd3 47.Qf4 Qd7 48.Qf2 Qe6 49.Ra7+ Kxg6 50.Rb7 Qe5+
51.g3 Re3 52.Kh3 Qe4 53.Rxb5 Qg4+  0-1

[Event "60th ch-RUS sf Urals"]
[Site "Nizhnij Tagil RUS"]
[Date "2007.03.16"]
[Round "3"]
[White "Sosnin,A"]
[Black "Povodyr,A"]
[Result "1-0"]
[WhiteElo "2110"]
[BlackElo "2002"]

1.e4 c5 2.Nf3 Nc6 3.d4 cxd4 4.Nxd4 e6 5.Nb5 Nf6 6.N1c3 d6 7.Bf4 e5 8.Bg5 a6
9.Na3 h6 10.Bxf6 gxf6 11.Bc4 Bg7 12.Qh5 O-O 13.Nd5 b5 14.Bd3 Be6 15.c4 Qa5+
16.Kf1 b4 17.Nc2 Qc5 18.g4 a5 19.h4 Bxd5 20.exd5 e4 21.Bxe4 Qxc4+ 22.Kg1 Qxe4
23.Ne3 Ne5 24.Nf5 Qxg4+ 25.Qxg4 Nxg4 26.Rh3 Kh7 27.Rg3 Kg6 28.Ne7+ Kh5 29.f3 f5
30.Nxf5 Bxb2 31.Rxg4 Be5 32.Re1 Rg8 33.Rxe5 Rxg4+ 34.fxg4+ Kxg4 35.Nxd6 f6
36.Re4+ Kf3 37.Rd4 Rg8+ 38.Kf1 h5 39.Rd3+ Kf4 40.Nc4 a4 41.d6 Ke4 42.Rd2 b3
43.axb3 axb3 44.d7 Rd8 45.Nb6 f5 46.Rb2 f4 47.Rxb3 f3 48.Rc3 Rb8 49.Rc8 Rxb6
50.Re8+ Kf4 51.d8=Q  1-0

[Event "FSIMA April"]
[Site "Budapest HUN"]
[Date "2007.04.09"]
[Round "3"]
[White "Farago,S"]
[Black "Balazs,G2"]
[Result "1-0"]
[WhiteElo "2275"]
[BlackElo "2249"]

1.e4 c5 2.Nf3 e6 3.d4 cxd4 4.Nxd4 Nc6 5.Nb5 d6 6.c4 Nf6 7.N5c3 Be7 8.Be2 O-O
9.Be3 b6 10.O-O Ne5 11.f4 Ned7 12.Bf3 Bb7 13.Nd2 Qc7 14.Qe2 a6 15.Rac1 Rac8
16.g4 h6 17.h4 Nh7 18.g5 hxg5 19.hxg5 e5 20.Qh2 exf4 21.Bxf4 Bxg5 22.Bxd6 Qd8
23.Rcd1 Re8 24.e5 Be3+ 25.Kg2 Bxd2 26.Bxb7 Rxc4 27.Ne4 Bh6 28.Qh5 Ng5 29.Ng3 Rc2+
30.Kh1 Re6 31.Nf5 Qe8 32.Bd5 Nxe5 33.Bxe5 Rxe5 34.Nxh6+ gxh6 35.Qg6+ Kf8
36.Qxc2 Re3 37.Bg2 Ne4 38.Bxe4 Rxe4 39.Qf2 Qe6 40.Qg3 Qc6 41.Qd6+  1-0

[Event "Doroshkevich Mem"]
[Site "Belorechensk RUS"]
[Date "2007.06.01"]
[Round "4"]
[White "Bondarev,B1"]
[Black "Dashko,A"]
[Result "1/2-1/2"]
[WhiteElo "2100"]
[BlackElo "2359"]

1.e4 c5 2.Nf3 e6 3.d4 cxd4 4.Nxd4 Nc6 5.Nb5 Nf6 6.N1c3 d6 7.Bf4 e5 8.Be3 a6
9.Na3 b5 10.Nd5 Nxd5 11.Qxd5 Qc7 12.Qd2 Be7 13.Nb1 O-O 14.Nc3 Be6 15.a3 Rac8
16.Nd5 Bxd5 17.Qxd5 Nd4 18.Bxd4 exd4 19.Bd3 Bf6 20.Qh5 Qe7 21.f4 Rc5 22.Qh3 g6
23.O-O Bg7 24.g4 h6 25.b4 Rc3 26.Rf3 Qf6 27.a4 Rb8 28.axb5 axb5 29.Ra6 Qe7
30.f5 Kh7 31.Qf1 Be5 32.fxg6+ Kxg6 33.Rf5 Rg8 34.Qh3 Kh7 35.Qh5 Rg6 36.Ra1  1/2-1/2

[Event "XV Lasker Mem Open A"]
[Site "Barlinek POL"]
[Date "2007.06.04"]
[Round "3"]
[White "Galazewski,T"]
[Black "Poniewierski,P"]
[Result "1-0"]
[WhiteElo "2232"]
[BlackElo "2046"]

1.e4 c5 2.Nf3 Nc6 3.d4 cxd4 4.Nxd4 e6 5.Nb5 d6 6.c4 a6 7.N5a3 Nf6 8.Nc3 Be7
9.Be2 O-O 10.O-O b6 11.Be3 Bb7 12.f3 Qc7 13.Qd2 Rad8 14.Rac1 Ne5 15.Rfd1 Ba8
16.Bf1 Qb8 17.Na4 d5 18.cxd5 b5 19.Nc5 b4 20.Nxa6 Qb7 21.Nb5 exd5 22.Nc5 Bxc5
23.Bxc5 Rfe8 24.Nd6 Qc6 25.exd5 Qxd5 26.Qxd5 Bxd5 27.Nxe8 Rxe8 28.b3 h5 29.Bxb4 Ra8
30.Rc5 Nc6 31.Bc3  1-0

[Event "Baden Challenge III"]
[Site "Neuhausen GER"]
[Date "2007.06.05"]
[Round "2"]
[White "Swinkels,R"]
[Black "Bogner,S"]
[Result "1/2-1/2"]
[WhiteElo "2422"]
[BlackElo "2345"]

1.e4 c5 2.Nf3 e6 3.d4 cxd4 4.Nxd4 Nc6 5.Nb5 d6 6.c4 Nf6 7.N1c3 a6 8.Nd4 Be7
9.Be2 O-O 10.O-O Bd7 11.Be3 Nxd4 12.Qxd4 Bc6 13.Rfd1 Qb8 14.a4 Rd8 15.b4 d5
16.cxd5 Bd6 17.Qc4 exd5 18.exd5 Bxh2+ 19.Kh1 Bd7 20.Rac1 Be5 21.a5 h5 22.Ne4 Bb5
23.Nxf6+ Bxf6 24.Qa2 Bxe2 25.Qxe2 Qe5 26.Qf3 Be7 27.Bc5 Bd6 28.Bxd6 Rxd6
29.Rc2 Rad8 30.Rcd2 Rf6 31.Qd3 Rf4 32.Qg3 Qd6 33.Rd4 Rxd4 34.Rxd4 Qxg3 35.fxg3 Kf8
36.d6 f6 37.b5 Rd7 38.bxa6 bxa6 39.Rb4 Rxd6 40.Rb6 Ke7 41.Rb7+ Ke6 42.Rxg7 Rd5
43.Ra7 Rxa5 44.Kh2 Ra1 45.Rh7 Ra5 46.Ra7 Kf5 47.Ra8 Ra1 48.Rh8 Kg6 49.Rg8+ Kh7
50.Rf8 Kg7 51.Ra8 a5 52.Ra7+ Kg6 53.Ra8 a4 54.Rg8+ Kh7 55.Ra8 a3 56.Ra7+ Kh6
57.Ra8 Kg5 58.Ra5+ Kg6 59.Ra4 Kf5 60.Rf4+ Ke5 61.Rf3 Kd4 62.Rf4+ Kc3 63.Rf3+ Kd2
64.Rf2+ Ke1 65.Rf3 Ke2 66.Rb3 Kd2  1/2-1/2

[Event "National Open"]
[Site "Las Vegas USA"]
[Date "2007.06.08"]
[Round "1"]
[White "Bady,G"]
[Black "Sharavdorj,D"]
[Result "0-1"]
[WhiteElo "2213"]
[BlackElo "2454"]

1.e4 c5 2.Nf3 e6 3.d4 cxd4 4.Nxd4 Nc6 5.Nb5 d6 6.Bf4 e5 7.Be3 a6 8.N5c3 Nf6
9.Nd5 Nxd5 10.exd5 Ne7 11.c4 Nf5 12.Bc1 Be7 13.Nc3 O-O 14.Bd3 Nh4 15.O-O f5
16.f4 exf4 17.Bxf4 Ng6 18.Be3 Bg5 19.Bd4 Bf4 20.Qh5 Be5 21.Be3 Qa5 22.Ne2 Bxb2
23.Rab1 Qa3 24.Rxb2 Qxb2 25.Rf3 Ne5 26.Rh3 Nxd3 27.Qxh7+ Kf7 28.Qh5+ Ke7
29.Bg5+ Kd7 30.Rxd3 Qb1+ 31.Nc1 f4 32.Qd1 Kc7 33.c5 Bg4 34.Qd2 Rae8 35.cxd6+ Kb8
36.Bxf4 Ka8 37.h3 Re2 38.Qc3 Rc2 39.Qb3 Rxc1+ 40.Bxc1 Qxc1+ 41.Kh2 Qf4+ 42.Rg3 Bd7
43.Kg1 g5 44.Qe3 g4 45.Qxf4 Rxf4 46.hxg4 Rxg4 47.Rxg4 Bxg4 48.Kf2 Kb8 49.Ke3 Kc8
50.Kf4 Bd1 51.g4 Kd7 52.g5 Kxd6 53.Ke4 Bh5 54.Kd4 Bf7 55.a4 Bxd5 56.a5 Bf7  0-1

[Event "XXV Open"]
[Site "Novi Becej SRB"]
[Date "2007.06.12"]
[Round "4"]
[White "Tesic,Zo"]
[Black "Andrijevic,M"]
[Result "0-1"]
[WhiteElo "2265"]
[BlackElo "2334"]

1.e4 c5 2.Nf3 e6 3.d4 cxd4 4.Nxd4 Nc6 5.Nb5 d6 6.c4 Nf6 7.N1c3 a6 8.Na3 Be7
9.Be2 O-O 10.O-O b6 11.Be3 Ne5 12.f4 Ned7 13.Bf3 Bb7 14.Qe2 Qc7 15.Rac1 Rac8
16.Rfd1 Qb8 17.Nc2 Qa8 18.Bf2 Rfd8 19.Nd4 g6 20.Nb3 Nc5 21.Nd2 Re8 22.Bg3 Qa7
23.b4 Ncd7 24.a3 Bf8 25.Bf2 Qb8 26.Be3 Bg7 27.Qf2 Ba8 28.Bd4 e5 29.fxe5 Nxe5
30.Bxe5 Rxe5 31.Nd5 Bxd5 32.cxd5 Rxc1 33.Rxc1 Bh6 34.Re1 b5 35.Nf1 Qc7 36.Re2 Qe7
37.Qb6 Nxe4 38.Qxa6 Nc3 39.Rc2 Ne2+ 40.Rxe2 Rxe2 41.Bxe2 Qxe2 42.Qxd6 Qd3
43.Qe5 Bg7 44.Qe8+ Bf8 45.Qc6 h5 46.Kf2 Qxa3 47.Qxb5 Bxb4 48.Qb8+ Kg7 49.Qe5+ Kh7
50.Ne3 Bc5 51.Kf3 Qxe3+ 52.Qxe3 Bxe3 53.Kxe3  0-1

[Event "Open"]
[Site "Pula CRO"]
[Date "2007.06.30"]
[Round "9"]
[White "Gullaksen,E"]
[Black "Orak,L"]
[Result "1/2-1/2"]
[WhiteElo "2412"]
[BlackElo "2332"]

1.e4 c5 2.Nf3 e6 3.d4 cxd4 4.Nxd4 Nc6 5.Nb5 d6 6.Bf4 e5 7.Be3 Nf6 8.Bg5 Be6
9.Nd2 Rc8 10.Nc3 Nd4 11.Nb3 Nc6 12.g3 Be7 13.Bxf6 Bxf6 14.Bg2 O-O 15.O-O Bg5
16.h4 Bh6 17.Re1 Qd7 18.Nb5 Rfd8 19.c3 Ne7 20.Na3 f6 21.Qe2 Qa4 22.Qb5 Qxb5
23.Nxb5 a6 24.Na3 b5 25.Nc2 Nc6 26.Bf1 Kf7 27.Rad1 Ke7 28.Kh2 g6 29.Bh3 a5
30.Ne3 Bxe3 31.Rxe3 a4 32.Nc1 Bxh3 33.Kxh3 Na5 34.a3 Nc4 35.Re2 f5 36.f3 fxe4
37.fxe4 Rf8 38.Kg2 Rf7 39.Rd5 Rb8 40.Nd3 Kd7 41.Nb4 h6 42.Na6 Ra8 43.Nb4 Rb8
44.Na6 Ra8  1/2-1/2

[Event "Spring A"]
[Site "Volodarskij RUS"]
[Date "2007.06.30"]
[Round "5"]
[White "Arakeljan,Alex"]
[Black "Tomilin,Ar"]
[Result "0-1"]
[WhiteElo "2338"]
[BlackElo "2365"]

1.e4 c5 2.Nf3 e6 3.d4 cxd4 4.Nxd4 Nc6 5.Nb5 d6 6.Bf4 e5 7.Bg3 a6 8.N5c3 Nf6
9.Bh4 Be7 10.Bxf6 Bxf6 11.Bc4 O-O 12.O-O b5 13.Bb3 Nd4 14.Nd5 Bg5 15.c4 Kh8
16.Nbc3 f5 17.cxb5 axb5 18.Bc2 Bh6 19.exf5 Qh4 20.Be4 Bxf5 21.g3 Qxe4 22.Nxe4 Bxe4
23.Nc3 Bf3 24.Qd3 b4 25.Rfe1 bxc3 26.bxc3 Ra3 27.Rab1 Ba8 28.Kf1 Rxa2 29.f4 Bg2+  0-1

[Event "South Wales Masters"]
[Site "Caerleon WLS"]
[Date "2007.07.08"]
[Round "3"]
[White "Rudd,J"]
[Black "Dobrov,V"]
[Result "0-1"]
[WhiteElo "2385"]
[BlackElo "2504"]

1.e4 c5 2.Nf3 e6 3.d4 cxd4 4.Nxd4 Nc6 5.Nb5 d6 6.Bf4 Ne5 7.c4 Nf6 8.N1c3 a6
9.Nd4 b6 10.Rc1 Bb7 11.f3 Rc8 12.b3 Be7 13.Be2 Nh5 14.Be3 Bg5 15.Bxg5 Qxg5
16.g3 Qe3 17.Rc2 Nf6 18.Qd2 Qxd2+ 19.Kxd2 g5 20.h4 g4 21.f4 Nxe4+ 22.Nxe4 Bxe4
23.Re1 Bxc2 24.fxe5 Bg6 25.Bxg4 dxe5 26.Rxe5 h5 27.Bxe6 fxe6 28.Rxe6+ Kf7
29.Rxb6 Rhe8 30.Kc3 Rcd8 31.Nc6 Rd3+ 32.Kb4 Rxg3 33.Kc5 Rg4 34.Kd6 Rxh4 35.Ne5+ Rxe5
36.Kxe5 Re4+ 37.Kd5 Re8 38.c5 h4 39.Rb4 Rh8 40.Rf4+ Ke7 41.Rf2 h3 42.Rh2 Rh5+
43.Kc6 Be4+ 44.Kb6 Bg2 45.b4 Kd7 46.a3 Rh6+ 47.Ka7 Kc7 48.a4 Rh8  0-1

[Event "Zudov Mem B"]
[Site "Nizhnij Tagil RUS"]
[Date "2007.07.12"]
[Round "6"]
[White "Yuzhakov,O"]
[Black "Truskavetsky,A"]
[Result "0-1"]
[WhiteElo "2266"]
[BlackElo "2392"]

1.e4 c5 2.Nf3 e6 3.d4 cxd4 4.Nxd4 Nc6 5.Nb5 d6 6.c4 a6 7.N5c3 Nf6 8.Na3 Be7
9.Be2 O-O 10.O-O b6 11.Be3 Ne5 12.Qb3 Ned7 13.Rad1 Qc7 14.f4 Bb7 15.Bf3 Rac8
16.f5 Ba8 17.Kh1 Nc5 18.Qc2 Rb8 19.Bf4 Ncd7 20.Qb3 Kh8 21.Nab5 axb5 22.Nxb5 Qc5
23.fxe6 Ne5 24.Bxe5 dxe5 25.exf7 Bxe4 26.Bxe4 Nxe4 27.Qc2 Nf6 28.Qe2 Rxf7
29.Rf5 Bf8 30.Rxe5 Re7 31.Rxe7 Qxe7 32.Qxe7 Bxe7 33.Re1 Bc5 34.a3 Rd8 35.h3 Bf2
36.Rc1 Ne4 37.b4 h5 38.g4 Rd2 39.Kg2 Ng5 40.Kf1 Nxh3 41.gxh5 Bh4 42.Rc3 Nf4
43.Rc1 Rf2+ 44.Ke1 Nd3+ 45.Kd1  0-1

[Event "XXX Open"]
[Site "Barbera del Valles ESP"]
[Date "2007.07.13"]
[Round "8"]
[White "Penas Hernandez,Y"]
[Black "Hernandez Funes,R"]
[Result "1-0"]
[WhiteElo "2034"]
[BlackElo "2144"]

1.e4 c5 2.Nf3 e6 3.d4 cxd4 4.Nxd4 Nc6 5.Nb5 d6 6.Be2 a6 7.Nd4 Qc7 8.Nc3 Nf6
9.Bg5 Be7 10.Qd2 h6 11.Be3 Bd7 12.f3 b5 13.Bd3 Rc8 14.Nxc6 Bxc6 15.Ne2 d5
16.exd5 Nxd5 17.O-O-O Nxe3 18.Qxe3 Qa5 19.Kb1 Bd5 20.Nc1 O-O 21.h4 f5 22.Bxf5 Rxf5
23.Rxd5 exd5 24.Qe6+ Kh8 25.Qxc8+ Rf8 26.Qe6 Bf6 27.Qxd5 Rd8 28.Qb3 Rd4 29.Qe6 Rc4
30.g4 Qd2 31.Qf5 Qd4 32.Nd3 Rb4 33.Kc1 Qe3+ 34.Kb1 Rxb2+ 35.Nxb2 Qc3 36.Kc1 Qe3+
37.Kd1 Bxb2 38.Re1 Qd4+ 39.Qd3 Qxd3+ 40.cxd3 Bf6 41.h5  1-0

[Event "22nd North Sea Cup"]
[Site "Esbjerg DEN"]
[Date "2007.07.15"]
[Round "5"]
[White "Hansen,Mo"]
[Black "Hansen,Erik"]
[Result "1-0"]
[WhiteElo "2056"]
[BlackElo "1822"]

1.e4 c5 2.Nf3 Nc6 3.d4 cxd4 4.Nxd4 e6 5.Nb5 d6 6.Bf4 e5 7.Be3 a6 8.N5c3 Nf6
9.Bg5 Be7 10.Bxf6 Bxf6 11.Nd5 O-O 12.Nbc3 Nd4 13.Bd3 Be6 14.O-O b5 15.a3 Rc8
16.a4 Rc5 17.b4 Rxc3 18.Nxc3 Qc7 19.Ne2 Nxe2+ 20.Qxe2 Bc4 21.Bxc4 bxc4 22.b5 axb5
23.axb5 Qc5 24.Rfb1 Bd8 25.Ra4 c3 26.Qc4 Bb6 27.Qxc5 Bxc5 28.b6 d5 29.b7 Bd6
30.Ra8 Bb8 31.exd5 f6 32.Rb5 Kf7 33.Rc5 Rd8 34.g3  1-0

[Event "XII Open"]
[Site "Balaguer ESP"]
[Date "2007.07.21"]
[Round "6"]
[White "Castellanos,R"]
[Black "Djingarova,E"]
[Result "1-0"]
[WhiteElo "2471"]
[BlackElo "2266"]

1.e4 c5 2.Nf3 e6 3.d4 cxd4 4.Nxd4 Nc6 5.Nb5 d6 6.c4 Nf6 7.N5c3 Be7 8.Be2 O-O
9.O-O b6 10.Bf4 Bb7 11.Re1 Ne5 12.Nd2 Rc8 13.Rc1 h5 14.h3 Ng6 15.Bh2 h4 16.Bf1 a6
17.a3 Re8 18.b4 Nd7 19.Rc2 e5 20.Nb3 Ndf8 21.Rd2 Ne6 22.a4 Bf8 23.Re3 Qg5
24.a5 bxa5 25.Nxa5 Ba8 26.Nd5 Rb8 27.Kh1 Ngf4 28.Bxf4 exf4 29.Re1 f3 30.gxf3 Nf4
31.Rd4 Bxd5 32.exd5 Qf5 33.Nc6 Nxh3 34.Bxh3 Qxh3+ 35.Kg1 Ra8 36.Ree4 Rxe4
37.Rxe4 Qf5 38.Rxh4 Re8 39.Kg2 g5 40.Rg4 Bg7 41.c5 Bf8 42.Rg3 f6 43.Qb3 dxc5
44.d6+ Kg7 45.bxc5 Re1 46.Nd8 Qg6 47.Ne6+  1-0

[Event "XII Open"]
[Site "Balaguer ESP"]
[Date "2007.07.21"]
[Round "6"]
[White "Bruned,B"]
[Black "Rotstein,A"]
[Result "0-1"]
[WhiteElo "2219"]
[BlackElo "2515"]

1.e4 c5 2.Nf3 e6 3.d4 cxd4 4.Nxd4 Nc6 5.Nb5 d6 6.Bf4 e5 7.Be3 a6 8.N5c3 Nf6
9.Bg5 Be7 10.Bxf6 Bxf6 11.Nd2 Be6 12.Nc4 Nd4 13.Ne3 Qa5 14.Bd3 Bg5 15.O-O Bxe3
16.fxe3 Nc6 17.a3 O-O 18.Nd5 Bxd5 19.exd5 Ne7 20.Qh5 g6 21.Qg5 Nxd5 22.Rf3 Qc7
23.c4 Qe7 24.Qh6 Nc7 25.Bf5 Ne6 26.Rh3 Ng5 27.Rg3 f6 28.Bxg6 hxg6 29.h4 Nh7
30.Rxg6+ Kh8 31.Rf1 Rf7 32.Rf3 Rg8 33.h5 Qf8 34.Rfg3 Rxg6 35.Qxf8+ Rxf8 36.Rxg6 Rg8
37.Rh6 Rg5 38.Kf2 Kg7 39.Rg6+ Rxg6 40.hxg6 Kxg6  0-1

[Event "Czech Open GMA"]
[Site "Pardubice CZE"]
[Date "2007.07.21"]
[Round "2"]
[White "Okara,A"]
[Black "Votava,J"]
[Result "1/2-1/2"]
[WhiteElo "2382"]
[BlackElo "2547"]

1.e4 c5 2.Nf3 e6 3.d4 cxd4 4.Nxd4 Nc6 5.Nb5 d6 6.c4 Nf6 7.N5c3 Be7 8.Be2 O-O
9.O-O b6 10.Be3 Bb7 11.Nd2 Ne5 12.f4 Ng6 13.Qe1 d5 14.cxd5 exd5 15.exd5 Nxd5
16.Nxd5 Bxd5 17.Rd1 Bh4 18.g3 Qe7 19.Bf3 Bxf3 20.Nxf3 Bf6 21.Bd4 Bxd4+ 22.Rxd4 Qf6
23.Qd2 Rfe8 24.Rc1 Rac8 25.Rxc8 Rxc8 26.Rd7 h6 27.Kg2 Qe6 28.b3 Nf8 29.Rd3 Qc6
30.Rd8  1/2-1/2

[Event "Siberia B"]
[Site "Novosibirsk RUS"]
[Date "2007.07.22"]
[Round "4"]
[White "Tashimova,N"]
[Black "Dolgusheva,I"]
[Result "1-0"]
[WhiteElo "2094"]
[BlackElo "2050"]

1.e4 c5 2.Nf3 e6 3.d4 cxd4 4.Nxd4 Nc6 5.Nb5 d6 6.c4 Nf6 7.N1c3 a6 8.Na3 Be7
9.Be2 O-O 10.O-O Ne5 11.f4 Ned7 12.Bf3 Qc7 13.Qe2 Ne8 14.Nc2 b6 15.Be3 Bb7
16.Bf2 Rc8 17.Ne3 Nef6 18.Rac1 Qb8 19.Rfd1 Rfd8 20.Nf1 Bf8 21.Re1 h6 22.Ng3 Bc6
23.Bd4 e5 24.Be3 exf4 25.Bxf4 Ne5 26.Nd5 Bxd5 27.cxd5 b5 28.Nf5 Rxc1 29.Rxc1 Rc8
30.Rf1 Rc4 31.b3 Rc3 32.Qd2 Qc7 33.Rc1 Qb6+ 34.Be3 Rxc1+ 35.Qxc1 Qa5 36.Qd2 Qxd2
37.Bxd2 Nfd7 38.Kf2 Nc5 39.Ke2 Kh7 40.Nd4 g5 41.Ke3 Kg6 42.Nc6 h5 43.Bc3 Ned7
44.b4 Na4 45.Bd4 Nab6 46.Bxb6 Nxb6 47.Nb8 Nc4+ 48.Kd3 a5 49.bxa5 Nxa5 50.Kc3 Nc4
51.Be2 Ne3 52.g3 Bg7+ 53.Kd2 Nc4+ 54.Bxc4 bxc4 55.Nc6 Bb2 56.a4 Ba3 57.a5 Bc5
58.a6 Kf6 59.Kc3 g4 60.Kxc4 Bb6 61.Kd3 Bc5 62.a7 Bxa7 63.Nxa7  1-0